Eosinophils : biological and clinical aspects /

Bibliographic Details
Other Authors: Makino, Sohei, Fukuda, Takeshi
Format: Book
Language:English
Published: Boca Raton : CRC Press, [1993]
Subjects:

MARC

Tag First Indicator Second Indicator Subfields
LEADER 00000cam a2200000 a 4500
001 in00004478607
005 20191202143607.0
008 920622s1993 flua b 001 0 eng c
010 |a  92025435  
020 |a 0849368227 (alk. paper) 
035 |a (OCoLC)26159250 
035 |9 AAF5399MS 
035 |z (UtOrBLW)17042 
035 |a 28772 
040 |a DNLM/DLC  |c DLC  |d NLM  |d TMV  |d UtOrBLW 
049 |a TMVM  |c 1 
050 0 0 |a RB145  |b .E63 1993 
060 0 0 |a WH 200  |b E615 (P) 
069 0 |a 9209320 
082 0 0 |a 612.1/12  |2 20 
096 |a WH 200  |b E615 1993 
245 0 0 |a Eosinophils :  |b biological and clinical aspects /  |c edited by Sohei Makino, Takeshi Fukuda. 
264 1 |a Boca Raton :  |b CRC Press,  |c [1993] 
264 4 |c ©1993 
300 |a 452 pages :  |b illustrations ;  |c 25 cm. 
336 |a text  |2 rdacontent  |b txt 
337 |a unmediated  |2 rdamedia 
338 |a volume  |2 rdacarrier  |b nc 
504 |a Includes bibliographical references and index. 
505 0 |a Eosinophilic leukocyte: past, present, and future / Gerald J. Gleich -- Ultrastructural contributions to the understanding of the cell biology of human eosinophils: mechanisms of growth factor-induced development, secretion, and resolution of released constituents from the microenvironment / Ann M. Dvorak ... [et al.] -- Characterization and functions of eosinophil granule proteins / Steven J. Ackerman -- Tissue damage due to eosinophils in allergic reactions and parasite infections / Shinji Motojima -- Eosinophil membrane receptors / Monique Capron and Joel Plumas -- Eicosanoids, cytokines, and other mediators elaborated by eosinophils / Peter F. Weller -- Heterogeneity and activation / Takeshi Fukuda and Sohei Makino -- Transmembrane signaling in eosinophils / Devendra K. Agrawal and Toshio Numao -- Pharmacology of eosinophils / Peter J. Barnes -- Eosinophilopoietic factors / Hideo Enokihara, Shigeki Nagashima and Shimpei Furusawa -- Eosinophil chemotactic factors / Mitsuomi Hirashima -- Eosinophils in allergic inflammation and allergic asthma / Stephen T. Holgate ... [et al.]. 
505 0 |a (cont) Interrelationship between T lymphocytes and eosinophils / A.J. Wardlaw and A.B. Kay -- Cytokines active on eosinophils / Colin J. Sanderson -- Mechanism of eosinophilia in parasitic infestations / Mathew A. Vadas ... [et al.] -- Effect of respiratory infections on inflammatory cell function and asthma / Julie B. Sedgwick and William W. Busse -- Eosinophils in asthma. Part 1. History and histogenesis / Charles E. Reed -- Eosinophils in asthma. Part 2. Roles of eosinophils in pathophysiology of asthma / Sohei Makino ... [et al.] -- Eosinophils in allergic rhinitis / Minoru Okuda ... [et al.] -- Eosinophils in atopic dermatitis and urticaria / Kristin M. Leiferman -- Eosinophils in parasitic diseases / Somei Kojima -- Idiopathic hypereosinophilic syndrome / Christopher J.F. Spry -- Eosinophilia-myalgia syndrome / Edward A. Belongia ... [et al.]. 
650 2 |a Eosinophils  |x cytology. 
650 2 |a Eosinophils  |x physiology. 
700 1 |a Makino, Sohei. 
700 1 |a Fukuda, Takeshi. 
999 |a MARS 
999 f f |s 956f15c7-1b2b-3893-8960-3e7808ff4086  |i 0027383f-1b15-3ccb-aad4-55b8e4be6bf9  |t 0 
952 f f |p ric  |a Texas A&M University  |b Rellis Campus  |c Joint Library Facility  |d Remote Storage  |t 0  |e WH 200 E615 1993  |h National Library of Medicine classification  |i unmediated -- volume  |m 3238901144956 
998 f f |a WH 200 E615 1993  |t 0  |l Remote Storage